| 000 | 01474nam0a2200349 4500 | ||
|---|---|---|---|
| 001 | RU\NLR\BIBL_A\022693819 | ||
| 005 | 20260121110046.0 | ||
| 010 |
_a978-5-00271-021-8 _9500 |
||
| 021 |
_aRU _bКН-П-25-068547 _9КН-П-25-6635 |
||
| 035 | _a(NLR Aleph) 022693819 | ||
| 090 |
_a13536201 _c13536201 |
||
| 100 | _a20251223d2025 k y0rusy50 ca | ||
| 101 | 0 |
_arus _deng |
|
| 102 | _aRU | ||
| 105 | _aa z 000yy | ||
| 181 | 0 |
_ai3 _baxxe |
|
| 181 | 0 |
_ab2 _bxb2e |
|
| 182 | 0 | _an | |
| 200 | 1 |
_aГигантские рудные месторождения: распространение, строение, генезис _fБ. А. Лебедев |
|
| 203 |
_aТекст _aИзображение _bвизуальные _cнепосредственные |
||
| 210 |
_aСанкт-Петербург _cНаукоемкие технологии _d2025 |
||
| 215 |
_a266, [1] с. _cил., цв. ил., табл. _d30 |
||
| 300 | _aНа задней сторонке пер. авт.: Лебедев Б. А. – д-р геол.-минерал. наук, проф. | ||
| 300 | _aРез. англ. | ||
| 320 | _aБиблиогр.: с. 192–229 | ||
| 606 | 1 |
_aРудные месторождения _2nlr_sh1 _2nlr_sh2 _3RU\NLR\AUTH\6649436 |
|
| 686 | 1 | _aД451 | |
| 700 | 1 |
_aЛебедев _bБ. А. _cд-р геол.-мин. наук _gБорис Андреевич _3RU\NLR\AUTH\7786589 |
|
| 942 | _cBOOK | ||
| 980 | _aNB | ||